| 000 | 00708nam a2200181 i 4500 | ||
|---|---|---|---|
| 001 | 161010 | ||
| 003 | ES-MaACL | ||
| 005 | 20250919134620.0 | ||
| 008 | 931025m18921893sp |||| | spa d | ||
| 100 | 1 |
_aOlozaga y Bustamante, José María de. _9130647 |
|
| 245 | 1 | 0 |
_aTratado de Economía Politica / _cescrito por el Dr. D. José María de Olózaga y Bustamante ; con la colaboración del Illmo. Sr. D. Melchor Salvá. |
| 260 |
_aMadrid : _b[s.n.], _c1892-1893 ( _fImp. de José Perales y Martinez) |
||
| 300 |
_a2 v. ; _c24 cm. |
||
| 650 | 0 | 7 |
_aEconomía _2embne _912006 |
| 700 | 1 |
_aSalvá, Melchor, _d1834-1918 _9102056 |
|
| 852 |
_aES-MaACL _jF-2420-21 _z-- Enc. pasta española |
||
| 999 |
_c161010 _d161010 |
||